Occupational status and demographic characteristics of Scheduled Caste people of Assam (Record no. 58512)

000 -LEADER
fixed length control field 00488pab a2200181 454500
008 - FIXED-LENGTH DATA ELEMENTS--GENERAL INFORMATION
fixed length control field 180718b2002 xxu||||| |||| 00| 0 eng d
100 ## - MAIN ENTRY--PERSONAL NAME
Personal name Bezbaruah, D.K.
245 ## - TITLE STATEMENT
Title Occupational status and demographic characteristics of Scheduled Caste people of Assam
260 ## - PUBLICATION, DISTRIBUTION, ETC.
Date of publication, distribution, etc. 2002
300 ## - PHYSICAL DESCRIPTION
Extent p.82-96.
362 ## - DATES OF PUBLICATION AND/OR SEQUENTIAL DESIGNATION
Dates of publication and/or sequential designation Jul-Sep
650 ## - SUBJECT ADDED ENTRY--TOPICAL TERM
Topical term or geographic name entry element Scheduled Caste
650 ## - SUBJECT ADDED ENTRY--TOPICAL TERM
Topical term or geographic name entry element Caste - India - Assam
650 ## - SUBJECT ADDED ENTRY--TOPICAL TERM
Topical term or geographic name entry element Caste
700 ## - ADDED ENTRY--PERSONAL NAME
Personal name Proveen, M.A.
773 ## - HOST ITEM ENTRY
Main entry heading IASSI Quarterly
909 ## -
-- 58512
Holdings
Withdrawn status Lost status Damaged status Not for loan Permanent Location Current Location Date acquired Serial Enumeration / chronology Barcode Date last seen Price effective from Koha item type
        Indian Institute of Public Administration Indian Institute of Public Administration 2018-07-19 Volume no: 21, Issue no: 1 AR58957 2018-07-19 2018-07-19 Articles

Powered by Koha